Competitividad: la clave del éxito empresarial (Registro nro. 11386)
[ vista simple ]
| 000 -Cabecera | |
|---|---|
| Campo de control de longitud fija | 01185nam a22004457a 4500 |
| 005 - Fecha y hora de la última transacción | |
| Campo de control | 20241213150233.0 |
| 008 - Elementos de longitud fija--Información general | |
| Campo de control de longitud fija | 181130b xxu||||| |||| 00| 0 spa d |
| 020 ## - International Standard Book Number | |
| Número Internacional Estándar del Libro (ISBN) | 9789587780178 |
| 041 ## - Idioma | |
| Código de idioma | |
| 082 ## - Clasificación Decimal Dewey | |
| Número de clasificación | 658.401.2 F676c |
| 100 ## - Entrada principal--Autor personal | |
| Nombre personal | Fonseca Zárate, Rafael Enrique |
| 9 (RLIN) | 50932 |
| 245 ## - Título propiamente dicho | |
| Título | Competitividad: la clave del éxito empresarial |
| 260 ## - Pie de imprenta | |
| Lugar de publicación, distribución, etc. | México |
| 260 ## - Pie de imprenta | |
| Nombre del editor, distribuidor, etc. | Alfaomega |
| 260 ## - Pie de imprenta | |
| Fecha de publicación, distribución, etc. | 2016 |
| 300 ## - Descripción física | |
| Extensión | 388 páginas |
| 650 ## - Materia general | |
| Temática (materia general) | COMPETITIVIDAD |
| 650 ## - Materia general | |
| Temática (materia general) | PRODUCTIVIDAD |
| 650 ## - Materia general | |
| Temática (materia general) | COMPETITIVIDAD |
| 650 ## - Materia general | |
| Temática (materia general) | PROCESOS |
| 650 ## - Materia general | |
| Temática (materia general) | AUTOCRACIA |
| 650 ## - Materia general | |
| Temática (materia general) | ARQUITECTURA ORGANIZACIONAL |
| 650 ## - Materia general | |
| Temática (materia general) | GESTIÓN HUMANA |
| 650 ## - Materia general | |
| Temática (materia general) | ORGANIZACIÓN |
| 650 ## - Materia general | |
| Temática (materia general) | SISTEMA DE REMUNERACIÓN |
| 650 ## - Materia general | |
| Temática (materia general) | LIDERAZGO |
| 650 ## - Materia general | |
| Temática (materia general) | CONOCIMIENTO DE MERCADO |
| 650 ## - Materia general | |
| Temática (materia general) | PLANEACIÓN ESTRATÉGICA |
| 650 ## - Materia general | |
| Temática (materia general) | GENERACIÓN DE ESTRATEGIA |
| 650 ## - Materia general | |
| Temática (materia general) | ESTRATEGIA DE MERCADO |
| 650 ## - Materia general | |
| Temática (materia general) | GESTIÓN DE ESTRATEGIA |
| 650 ## - Materia general | |
| Temática (materia general) | LOGÍSTICA |
| 650 ## - Materia general | |
| Temática (materia general) | AUTOMATIZACIÓN |
| 650 ## - Materia general | |
| Temática (materia general) | OPTIMIZACIÓN |
| 650 ## - Materia general | |
| Temática (materia general) | CADENA DE SUMINISTRO |
| 650 ## - Materia general | |
| Temática (materia general) | INNOVACIÓN |
| 650 ## - Materia general | |
| Temática (materia general) | TECNOLOGÍA |
| 942 ## - Punto de acceso adicional KOHA | |
| Tipo de ítem KOHA | Libro |
| Fuente del sistema de clasificación o colocación | Dewey Decimal Classification |
| Signatura completa | Código de barras | Programa Académico | Tipo de ítem |
|---|---|---|---|
| 658.401.2 F676c | 23787 | Libro | |
| 658.401.2 F676c | 23876 | Libro |